how to train your dragon book 5 (Record no. 8390)

MARC details
000 -LEADER
fixed length control field 00931nam a22002057a 4500
003 - CONTROL NUMBER IDENTIFIER
control field OSt
005 - DATE AND TIME OF LATEST TRANSACTION
control field 20260213023029.0
008 - FIXED-LENGTH DATA ELEMENTS--GENERAL INFORMATION
fixed length control field 260213b |||||||| |||| 00| 0 eng d
020 ## - INTERNATIONAL STANDARD BOOK NUMBER
International Standard Book Number 9780316117746
040 ## - CATALOGING SOURCE
Original cataloging agency DWCL GS library
Transcribing agency OC
082 ## - DEWEY DECIMAL CLASSIFICATION NUMBER
Classification number C874h 2005
100 ## - MAIN ENTRY--PERSONAL NAME
Personal name Cowell, Cressida
245 ## - TITLE STATEMENT
Title how to train your dragon book 5
Remainder of title : how to twist a dragon's tale
Statement of responsibility, etc. Cressida Cowell
260 ## - PUBLICATION, DISTRIBUTION, ETC.
Place of publication, distribution, etc. New york
Name of publisher, distributor, etc. Hachette Book Group
Date of publication, distribution, etc. c2007
300 ## - PHYSICAL DESCRIPTION
Extent 246
Other physical details illustrations
Dimensions 20cm
520 ## - SUMMARY, ETC.
Summary, etc. A severe heatwave caused by an active volcano on Lava-Lout Island forces Hiccup to stop a fiery disaster. Someone has stolen the Fire-Stone, causing Exterminator Dragons to hatch and threaten the tribes. Hiccup must recover the stone, battle dragons, and face his nemesis, Alvin the Treacherous.
546 ## - LANGUAGE NOTE
Language note English
700 ## - ADDED ENTRY--PERSONAL NAME
Personal name Cressida Cowell
942 ## - ADDED ENTRY ELEMENTS (KOHA)
Source of classification or shelving scheme Dewey Decimal Classification
Koha item type Fiction
Classification part Fic. C874h 2005
Suppress in OPAC No

No items available.